Statistics for Quarterbacks with the Most Interceptions Thrown

Click here to take the quiz!

General Stats

  • This quiz has been taken 17 times
  • The average score is 7 of 15

Answer Stats

InterceptionsQuarterback% Correct
244Eli Manning
94%
251Peyton Manning
94%
252Dan Marino
81%
336Brett Farve
63%
243Drew Brees
63%
266Fran Tarkenton
56%
253Johnny Unitas
44%
267Vinny Testaverde
44%
242Dan Fouts
38%
233Warren Moon
31%
268John Hadl
25%
248George Blanda
19%
247Jim Hart
13%
257Norm Snead
13%
243Bobby Layne
6%

Score Distribution

Percentile by Number Answered

Percent of People with Each Score

Your Score History

You have not taken this quiz